[Event "Foment Martinenc op-C 24th"]
[Site "Barcelona"]
[Date "2024.05.11"]
[Round "4"]
[White "Labrada Rey, Enrique"]
[Black "Leiro Usubiaga, Adriana"]
[Result "1-0"]
[WhiteElo "1658"]
[BlackElo "1281"]
[PlyCount "71"]
[EventDate "2024.04.20"]
[EventType "swiss"]
[EventRounds "9"]
[EventCountry "ESP"]
[SourceTitle "CBM 220 Extra"]
[Source "ChessBase"]
[SourceDate "2024.07.31"]
[SourceVersion "1"]
[SourceVersionDate "2024.07.31"]
[SourceQuality "1"]

1. e4 e5 2. Nf3 d5 3. exd5 e4 4. Nd4 Nf6 5. Nc3 Bd6 6. Bb5+ c6 7. dxc6 bxc6 8. Nxc6 Qc7 9. Nxb8+ Ke7 10. Nc6+ Kd7 11. Nxa7+ Ke6 12. Nxc8 Raxc8 13. h3 Rhe8 14. Bxe8 Rxe8 15. 0-0 Qc5 16. Re1 Qe5 17. d4 Qh2+ 18. Kf1 Qh1+ 19. Ke2 Qxg2 20. Rg1 Qxh3 21. Qf1 Qh5+ 22. Ke1 Bb4 23. a3 Bxc3+ 24. bxc3 Nd5 25. Rb1 Nxc3 26. Qc4+ Nd5 27. Rb6+ Kd7 28. Qc6+ Kd8 29. Rb8+ Ke7 30. Qxe8+ Kf6 31. Qd8+ Ke6 32. Rb5 Nc3 33. Rxh5 g6 34. Qe8+ Kf6 35. Bg5+ Kf5 36. Bd2+ 1-0